|
|
|
|
| LEADER |
00000nam0a2200000 4500 |
| 001 |
332094 |
| 005 |
20231102004425.0 |
| 035 |
|
|
|a (RuTPU)RU\TPU\book\357993
|
| 090 |
|
|
|a 332094
|
| 100 |
|
|
|a 20170516d1972 m y0rusy50 ca
|
| 101 |
0 |
|
|a rus
|
| 102 |
|
|
|a RU
|
| 105 |
|
|
|a a j 001zy
|
| 200 |
1 |
|
|a Надежность радиоэлектронных устройств
|e учебное пособие
|f А. М. Широков
|
| 210 |
|
|
|a Москва
|c Высшая школа
|d 1972
|
| 215 |
|
|
|a 272 с.
|c ил.
|
| 320 |
|
|
|a Библиогр.: с. 267-270
|
| 606 |
1 |
|
|a Радиоэлектронная аппаратура
|x Надежность
|x Терминология
|2 stltpush
|3 (RuTPU)RU\TPU\subj\23431
|9 48028
|
| 610 |
1 |
|
|a радиоэлектронные устройства
|
| 610 |
1 |
|
|a эксплуатация
|
| 610 |
1 |
|
|a комплектующие
|
| 610 |
1 |
|
|a требования
|
| 610 |
1 |
|
|a испытания
|
| 610 |
1 |
|
|a отказы
|
| 610 |
1 |
|
|a расчеты
|
| 610 |
1 |
|
|a методика
|
| 610 |
1 |
|
|a разработка
|
| 610 |
1 |
|
|a учебные пособия
|
| 675 |
|
|
|a 621.396.6.019.3(075.8)
|v 4
|
| 700 |
|
1 |
|a Широков
|b А. М.
|g Александр Михайлович
|
| 801 |
|
1 |
|a RU
|b 63413507
|c 20170516
|
| 801 |
|
2 |
|a RU
|b 63413507
|c 20170517
|g RCR
|
| 942 |
|
|
|c BK
|